|
|
|
|
| LEADER |
01267pam a22002538a 4500 |
| 001 |
00024876 |
| 005 |
20171026081022.0 |
| 008 |
110724s2003 ||||||Viesd |
| 041 |
0 |
# |
|a Vie
|
| 082 |
1 |
4 |
|a 336.007 1
|b NH123M
|
| 100 |
0 |
# |
|a Trần Võ Hùng Sơn
|
| 245 |
0 |
0 |
|a Nhập môn phân tích lợi ích chi phí
|b Kiến thức căn bản cho SV ngành kinh tế ,Kiến thức cần thiết dùng để nghiên cứu kinh tế môi trường và phân tích kinh tế dự án
|c Trần Võ Hùng Sơn
|
| 250 |
# |
# |
|a Tái bản lần thứ 1
|b có chỉnh lý, bổ sung
|
| 260 |
# |
# |
|a HCM.
|b ĐHQG TPHCM
|c 2003
|
| 300 |
# |
# |
|a 372tr.
|c 20 cm.
|
| 500 |
# |
# |
|a ĐTTS ghi: Trường ĐH Kinh tế TPHCM.Khoa kinh tế phát triển.Bộ môn kinh tế tài nguyên và môi trường
|
| 650 |
# |
4 |
|a Lợi kinh tế
|
| 653 |
# |
# |
|a Kinh tế
|a Lợi ích kinh tế
|a lợi ích chi phí
|
| 852 |
# |
# |
|b Kho giáo trình
|j KGT.0018327, KGT.0018328, KGT.0018329
|
| 852 |
# |
# |
|b Kho mượn
|j KGT.0018327
|
| 852 |
# |
# |
|j KGT.0018328
|j KGT.0018327
|j KGT.0018329
|
| 910 |
|
|
|d 24/07/2011
|
| 980 |
# |
# |
|a Trung tâm Học liệu Lê Vũ Hùng, Trường Đại học Đồng Tháp
|